Landscape Architect, Vol.5: Hwang Yong Deuk (Record no. 12042)
[ view plain ]
| 000 -LEADER | |
|---|---|
| fixed length control field | 00274 a2200109 4500 |
| 008 - FIXED-LENGTH DATA ELEMENTS--GENERAL INFORMATION | |
| fixed length control field | 240117b ||||| |||| 00| 0 eng d |
| 020 ## - INTERNATIONAL STANDARD BOOK NUMBER | |
| International Standard Book Number | 9788957703373 |
| 100 ## - MAIN ENTRY--PERSONAL NAME | |
| Personal name | ARCHIWORLD |
| 245 ## - TITLE STATEMENT | |
| Title | Landscape Architect, Vol.5: Hwang Yong Deuk |
| 260 ## - PUBLICATION, DISTRIBUTION, ETC. (IMPRINT) | |
| Name of publisher, distributor, etc | ARCHI |
| Date of publication, distribution, etc | 2010 |
| 942 ## - ADDED ENTRY ELEMENTS (KOHA) | |
| Source of classification or shelving scheme | |
| Withdrawn status | Lost status | Source of classification or shelving scheme | Damaged status | Koha normalized classification for sorting | Not for loan | Permanent location | Current location | Date acquired | Source of acquisition | Cost, normal purchase price | Total Checkouts | Full call number | Barcode | Date last seen | Date last borrowed | Cost, replacement price | Price effective from | Koha item type |
|---|---|---|---|---|---|---|---|---|---|---|---|---|---|---|---|---|---|---|
| 720_000000000000000 | BMS College of Architecture, Design and Planning | BMS College of Architecture, Design and Planning | 2024-01-17 | 10 | 3231.90 | 1 | 720 | AR-UG3407 | 2025-08-21 | 2025-08-19 | 4617.00 | 2024-01-17 | UG Books |